Countries by Number of Cows - Statistics

General Stats
  • This quiz has been taken 69 times
  • The average score is 16 of 20
Answer Stats
Cows Country % Correct
117,409,587 China
98%
187,000,000 India
97%
212,343,932 Brazil
95%
19,563,964 Russia
93%
19,248,411 France
90%
88,526,000 United States
90%
29,103,000 Australia
88%
32,939,529 Mexico
88%
51,646,544 Argentina
87%
39,700,000 Pakistan
85%
15,186,300 Indonesia
83%
23,488,000 Bangladesh
68%
56,706,389 Ethiopia
67%
17,811,845 Kenya
67%
19,450,000 Nigeria
67%
24,205,969 Colombia
65%
25,000,000 Tanzania
63%
15,543,000 Myanmar
55%
30,191,000 Sudan
55%
16,816,301 Venezuela
53%
No matching quizzes found
Score Distribution
Percent of People with Each Score
Percentile by Number Answered
Your Score History
You have not taken this quiz